Ochrana mobilných dát

Sú informácie, ktoré boli v prenosných zariadeniach (noteboky, smartphony, PDA) uložené, dostatočne chránené pred zneužitím tretími osobami ? Ochrana šifrovaním, povinná autentifikácia. Problémové zariadenia. Dátové stredisko. Ochrana notebookov. Podpora mobility od Microsoftu.

Enregistré dans:
Détails bibliographiques
Auteur principal: Valovič, Peter
Format: Chapitre de livre
Langue:slovaque
Sujets:
Tags: Ajouter un tag
Pas de tags, Soyez le premier à ajouter un tag!

MARC

LEADER 00000naa$a2200000$$$4500
001 0054167
005 20231106072902.8
041 0 |a slo 
044 |a SK 
245 1 0 |a Ochrana mobilných dát  |c Peter Valovič 
520 |a Sú informácie, ktoré boli v prenosných zariadeniach (noteboky, smartphony, PDA) uložené, dostatočne chránené pred zneužitím tretími osobami ? Ochrana šifrovaním, povinná autentifikácia. Problémové zariadenia. Dátové stredisko. Ochrana notebookov. Podpora mobility od Microsoftu. 
610 2 0 |a dáta 
610 2 0 |a siete mobilné 
610 2 0 |a nosiče dát 
610 2 0 |a ochrana dát 
100 1 |a Valovič, Peter